[Event "Gibtelecom"]
[Site "La Caleta GIB"]
[Date "2009.01.30"]
[EventDate "2009.01.27"]
[Round "4"]
[Result "1-0"]
[White "Hikaru Nakamura"]
[Black "Uriel Capo Vidal"]
[WhiteElo "2699"]
[BlackElo "2336"]
[PlyCount "147"]

1. d4 d5 2. c4 e6 3. Nc3 c6 4. cxd5 exd5 5. g3 Nf6 6. Bg2 Bf5
7. e3 Nbd7 8. Nge2 Bd6 9. f3 Qe7 10. O-O O-O-O 11. Re1 h5
12. e4 dxe4 13. fxe4 Bg4 14. Bg5 h4 15. gxh4 Ne5 16. Qc1 Nd3
17. Qe3 Nxe1 18. Rxe1 Bc7 19. e5 Rde8 20. Qf2 Rhg8 21. h3 Be6
22. exf6 gxf6 23. Bxf6 Qd7 24. Be5 Bxh3 25. Ng3 Rxe5 26. Rxe5
Bxe5 27. dxe5 Qg4 28. Bxh3 Qxh3 29. Nce4 Qxh4 30. Qf5+ Kb8
31. Kg2 Qe7 32. Nd6 Qh4 33. Nde4 Qe7 34. Qf6 Qe6 35. Qxe6 fxe6
36. Nc5 Kc8 37. Kf3 b6 38. Nxe6 Re8 39. Nd4 Rxe5 40. Nxc6 Rc5
41. Nd4 Rc1 42. Ne4 Ra1 43. Nc3 Re1 44. Kf2 Rh1 45. Ke3 Rh2
46. Nde2 Kb7 47. Kd3 Kc6 48. Kc4 Kb7 49. b4 Rh4+ 50. Kb3 Rh3
51. Nf4 Rf3 52. Ne6 Rh3 53. b5 a6 54. a4 axb5 55. axb5 Rg3
56. Kc4 Rh3 57. Ng5 Rh2 58. Nge4 Rh6 59. Nd5 Ka7 60. Kd4 Kb7
61. Ke5 Rg6 62. Ndf6 Rg1 63. Ke6 Ka7 64. Nd5 Rb1 65. Nc7 Rh1
66. Kd7 Rh7+ 67. Kc6 Rh6+ 68. Nd6 Rg6 69. Nd5 Rh6 70. Nf4 Kb8
71. Nd3 Ka7 72. Ne5 Rf6 73. Kc7 Ka8 74. Nd7 1-0

[Event "FFe Top 16 phase finale"]
[Site "Port-Marly/France"]
[Date "2009.05.28"]
[EventDate "2009.??.??"]
[Round "8"]
[Result "1-0"]
[White "Hikaru Nakamura"]
[Black "Christian Bauer"]
[WhiteElo "2701"]
[BlackElo "2605"]
[PlyCount "85"]

1. e4 d5 2. exd5 Qxd5 3. Nc3 Qa5 4. d4 Nf6 5. Bc4 Bg4 6. Nf3
Nc6 7. Bb5 Nd5 8. Qd3 Ndb4 9. Qe4 Bxf3 10. Bxc6+ bxc6 11. gxf3
e6 12. Bd2 Qa6 13. Ne2 Nd5 14. b3 Nf6 15. Qe3 O-O-O 16. c4 Nd7
17. Bc3 c5 18. Rd1 cxd4 19. Nxd4 Bc5 20. Qe4 Nb8 21. O-O Qb7
22. b4 Bxd4 23. Bxd4 Nc6 24. Bc5 Rxd1 25. Rxd1 Rd8 26. Rxd8+
Nxd8 27. Qxh7 Qxf3 28. Qxg7 Qe4 29. h3 Qxc4 30. Be7 Nc6
31. Qxf7 Nd4 32. Bc5 Nf5 33. a4 a6 34. Qg8+ Kd7 35. Qg4 Qc1+
36. Kg2 a5 37. Qe4 Qg5+ 38. Kh2 axb4 39. Bxb4 Nd6 40. Bxd6
cxd6 41. Qb7+ Kd8 42. Qb8+ Ke7 43. Qc7+ 1-0

[Event "Donostia Chess Festival"]
[Site "Donostia ESP"]
[Date "2009.07.14"]
[EventDate "?"]
[Round "7"]
[Result "1/2-1/2"]
[White "Julio Ernesto Granda Zuniga"]
[Black "Hikaru Nakamura"]
[WhiteElo "2647"]
[BlackElo "2710"]
[PlyCount "133"]

1. d4 f5 2. g3 Nf6 3. Bg2 g6 4. Nf3 Bg7 5. b4 Nc6 6. b5 Na5
7. Qd3 Ne4 8. c4 c5 9. Bb2 b6 10. Nbd2 Bb7 11. Nb3 d5 12. Nxa5
bxa5 13. O-O Rc8 14. Ne5 O-O 15. Rfd1 a6 16. dxc5 Rxc5 17. Nc6
Bxc6 18. Bxg7 Kxg7 19. bxc6 Rxc4 20. Qxc4 dxc4 21. Rxd8 Rxd8
22. Bxe4 fxe4 23. Rc1 Kf6 24. Rxc4 Rc8 25. c7 Ke5 26. Rc6 Kd5
27. Rxa6 Rxc7 28. Rxa5+ Ke6 29. e3 h5 30. Kg2 Kf6 31. Ra8 Rc2
32. a4 Ra2 33. a5 Ra1 34. a6 Kf7 35. a7 Kg7 36. g4 hxg4
37. Kg3 Ra2 38. Kxg4 Kf7 39. Kg5 Kg7 40. h4 Kf7 41. Kg4 Kg7
42. Kh3 Ra1 43. Kg3 Ra2 44. Kf4 Rxf2+ 45. Ke5 Ra2 46. Ke6 Ra5
47. Kxe7 Ra6 48. Kd7 Ra1 49. Ke6 Ra5 50. Kd6 Ra1 51. Ke5 Ra4
52. Kd5 Kh7 53. Kc5 Ra1 54. Kd6 Kg7 55. Ke5 Ra4 56. Kf4 Kh7
57. Kg4 Ra5 58. Re8 Rxa7 59. Rxe4 Kg7 60. Rf4 Ra5 61. Kf3 Re5
62. e4 Ra5 63. e5 Rxe5 64. Ra4 g5 65. Rg4 Kg6 66. Rxg5+ Rxg5
67. hxg5 1/2-1/2

[Event "Ordix Open"]
[Site "Mainz GER"]
[Date "2009.08.02"]
[EventDate "2009.08.01"]
[Round "9"]
[Result "0-1"]
[White "Arkadij Naiditsch"]
[Black "Hikaru Nakamura"]
[WhiteElo "2697"]
[BlackElo "2710"]
[PlyCount "82"]

1. e4 d5 2. exd5 Qxd5 3. Nc3 Qa5 4. d4 c6 5. Bc4 Bf5 6. Nge2
e6 7. O-O Bd6 8. Ng3 Bg6 9. Nce4 Bxg3 10. Nxg3 Ne7 11. c3 Nd7
12. h4 h6 13. h5 Bh7 14. Qg4 Rg8 15. Qf3 Nf6 16. b4 Qc7
17. Bf4 Qd7 18. Bxh6 Nf5 19. Bg5 Nxg3 20. fxg3 Ne4 21. Bf4 g5
22. hxg6 Bxg6 23. g4 O-O-O 24. Bh2 Rh8 25. Qf4 Rxh2 26. Kxh2
Nxc3 27. Rac1 Ne4 28. Rfd1 Qe7 29. Bd3 Qh4+ 30. Kg1 Ng3
31. Bc4 Rh8 32. Ba6 Qh2+ 33. Kf2 Ne4+ 34. Ke3 Qxf4+ 35. Kxf4
bxa6 36. Rxc6+ Kb7 37. Rdc1 Rd8 38. Rc7+ Kb8 39. g5 Nf2
40. R1c3 Nd3+ 41. Ke3 Nxb4 0-1

[Event "Corus Group A"]
[Site "Wijk aan Zee NED"]
[Date "2010.01.30"]
[EventDate "2010.01.16"]
[Round "12"]
[Result "1/2-1/2"]
[White "Fabiano Caruana"]
[Black "Hikaru Nakamura"]
[WhiteElo "2675"]
[BlackElo "2708"]
[PlyCount "124"]

1. e4 c5 2. Nf3 d6 3. d4 cxd4 4. Nxd4 Nf6 5. Nc3 Nc6 6. Bg5 e6
7. Qd2 a6 8. O-O-O Bd7 9. f3 Be7 10. Be3 h5 11. Nxc6 Bxc6
12. Ne2 d5 13. e5 Nd7 14. f4 Bb5 15. Nd4 Bxf1 16. Rhxf1 g6
17. g3 Qc7 18. h3 O-O-O 19. g4 hxg4 20. hxg4 Rh3 21. Rh1 Rdh8
22. Qg2 Rxh1 23. Rxh1 Rxh1+ 24. Qxh1 Qc4 25. Kb1 Bc5 26. Qd1
g5 27. c3 gxf4 28. Bxf4 b5 29. a3 a5 30. g5 b4 31. axb4 axb4
32. g6 fxg6 33. Nxe6 b3 34. Nd4 Bxd4 35. cxd4 Nf8 36. Qc1 Ne6
37. Be3 Nc7 38. Qc3 Kd7 39. Kc1 Kc6 40. Kd2 Kb5 41. Qd3 Qxd3+
42. Kxd3 Ne6 43. Kc3 Ka4 44. Bf2 g5 45. Be1 g4 46. Bh4 Ng7
47. Bf2 Nf5 48. e6 Kb5 49. Kxb3 Kc6 50. Kb4 Kd6 51. Kb5 g3
52. Bg1 Nh4 53. e7 Kxe7 54. Kc6 Nf3 55. Be3 g2 56. Kxd5 Kd7
57. b4 g1=B 58. Bxg1 Nxg1 59. b5 Ne2 60. b6 Nxd4 61. Kxd4 Kc6
62. Ke4 Kxb6 1/2-1/2

[Event "World Blitz Championship"]
[Site "Moscow RUS"]
[Date "2010.11.16"]
[EventDate "2010.11.16"]
[Round "2.10"]
[Result "0-1"]
[White "Hikaru Nakamura"]
[Black "Vladimir Kramnik"]
[WhiteElo "2741"]
[BlackElo "2791"]
[PlyCount "86"]

1. e4 d6 2. d4 Nf6 3. Nc3 g6 4. f4 Bg7 5. Nf3 O-O 6. e5 dxe5
7. fxe5 Nd5 8. h4 Bg4 9. h5 c5 10. hxg6 hxg6 11. Rh4 Bxf3
12. Qxf3 Nb4 13. Bc4 e6 14. Qh3 Nxc2+ 15. Kf1 Nxd4 16. Ne4 Nf5
17. Bg5 Qd4 18. Nf6+ Bxf6 19. Rxd4 Bxg5 20. Rg4 Bh6 21. Bd3
Ne3+ 22. Kf2 Nxg4+ 23. Qxg4 Nc6 24. Rh1 Bg7 25. Qh4 Rfd8
26. Bxg6 fxg6 27. Qh7+ Kf8 28. Rf1 Rd7 29. Qxg6 Rf7+ 30. Ke1
Nxe5 31. Rxf7 Nxf7 32. Qe4 Rb8 33. b3 b6 34. Qc6 Be5 35. Qd7
a5 36. Qxe6 Bd6 37. Kf2 b5 38. g4 Be7 39. Qa6 a4 40. bxa4 bxa4
41. Qxa4 Rb4 42. Qd7 Rd4 43. Qf5 Kg7 {time} 0-1

[Event "World Blitz Championship"]
[Site "Moscow RUS"]
[Date "2010.11.16"]
[EventDate "2010.11.16"]
[Round "12.6"]
[Result "1-0"]
[White "Hikaru Nakamura"]
[Black "Sergei Mushegovic Movsesian"]
[WhiteElo "2741"]
[BlackElo "2721"]
[PlyCount "191"]

1. e4 d6 2. d4 Nf6 3. Bd3 e5 4. c3 Nc6 5. Ne2 d5 6. exd5 Qxd5
7. O-O exd4 8. Re1 Be7 9. cxd4 O-O 10. Nbc3 Qd8 11. a3 Bg4
12. Qc2 Re8 13. Be3 Bd6 14. h3 Bh5 15. Bg5 Bg6 16. Bxg6 hxg6
17. Qb3 Na5 18. Qa4 c6 19. Rad1 b5 20. Qc2 a6 21. Nc1 Nc4
22. d5 Rxe1+ 23. Rxe1 cxd5 24. Nxd5 Bh2+ 25. Kxh2 Qxd5 26. Bh4
g5 27. Bg3 Rd8 28. Re2 Qd1 29. Na2 Qxc2 30. Rxc2 Ne4 31. Nb4
a5 32. Nc6 Rd2 33. Rxd2 Nexd2 34. Nd4 Nxb2 35. Nxb5 Nbc4
36. Bc7 f5 37. Bd8 g4 38. hxg4 fxg4 39. Kg3 Ne4+ 40. Kxg4
Nxf2+ 41. Kf3 Nd3 42. Ke4 Ndb2 43. Kd4 Kf7 44. Kc3 Ke6
45. Bxa5 Kd5 46. Bb4 Nd1+ 47. Kd3 Ndb2+ 48. Ke2 Na4 49. Kf3
Ne5+ 50. Ke2 Nb6 51. Bc3 g6 52. Nc7+ Ke4 53. Ne6 Nec4 54. Bb4
Nd5 55. Bf8 Nc3+ 56. Ke1 Nb2 57. Bg7 Nd3+ 58. Kf1 Na4 59. Bf8
Ne5 60.Nc5+ Nxc5 61.Bxc5 Nd3 62.Bf8 Nb2 63.Ke2 Na4 64.Bb4 Nb6
65.Bc5 Na4 66.Bd6 Nc3+ 67.Kd2 Na4 68.Kc2 Kd5 69.Kb3 Nb6 70.Bf8
Nd7 71.Bb4 g5 72.a4 g4 73.Kc3 Nf6 74.Kd3 Ne4 75.a5 Ng3 76.a6
Kc6 77.Be1 Nf5 78.Ke4 Nd6+ 79.Ke5 Nc4+ 80.Kf4 Kb6 81.Bf2+ Kxa6
82.Kxg4 Kb5 83.Kf5 Kc6 84.Ke6 Nd2 85.g4 Nf3 86.Be3 Kc7 87.Bc1
Kc6 88.Bf4 Nd4+ 89.Kf6 Nf3 90.Ke6 Nd4+ 91.Ke5 Nf3+ 92.Ke4 Nh4
93.Bg5 Ng6 94.Kf5 Nf8 95.Be7 Nd7 96.g5 1-0

[Event "World Blitz Championship"]
[Site "Moscow RUS"]
[Date "2010.11.17"]
[EventDate "2010.11.16"]
[Round "22.2"]
[Result "0-1"]
[White "Hikaru Nakamura"]
[Black "Maxime Vachier-Lagrave"]
[WhiteElo "2741"]
[BlackElo "2703"]
[PlyCount "92"]

1. e4 d6 2. d4 Nf6 3. Nc3 e5 4. Nge2 Be7 5. h3 h5 6. g3 c6
7. a4 b6 8. Bg2 Bb7 9. O-O Nbd7 10. f4 a6 11. b3 Qc7 12. Kh1
Rd8 13. Ba3 c5 14. d5 h4 15. fxe5 Nxe5 16. g4 Bc8 17. Qd2 Nh7
18. Nd1 Bg5 19. Qe1 Nf8 20. Nf2 Nfg6 21. Nd3 Qe7 22. Ng1 O-O
23. Bb2 Rfe8 24. Qf2 Bf6 25. Rae1 Bd7 26. Bc1 Nxd3 27. cxd3 b5
28. axb5 Bxb5 29. Rd1 Ne5 30. Qe3 g6 31. Nf3 Rb8 32. g5 Bg7
33. Nxh4 Bd7 34. d4 cxd4 35. Rxd4 Rec8 36. Rd2 Bb5 37. Rfd1
Rc7 38. Nf3 Rbc8 39. Bb2 Nxf3 40. Bxf3 Bxb2 41. Rxb2 Qe5
42. Qd4 Qg3 43. Bg4 Rc2 44. Rxc2 Rxc2 45. Qg1 Qf4 46. Re1 Bd3
0-1

[Event "Tata Steel Group A"]
[Site "Wijk aan Zee NED"]
[Date "2011.01.25"]
[EventDate "2011.01.15"]
[Round "9"]
[Result "1/2-1/2"]
[White "Hikaru Nakamura"]
[Black "Viswanathan Anand"]
[WhiteElo "2741"]
[BlackElo "2804"]
[PlyCount "82"]

1.d4 Nf6 2.c4 e6 3.Nc3 Bb4 4.Nf3 b6 5.Bg5 h6 6.Bh4 g5 7.Bg3
Ne4 8.Qc2 Bb7 9.e3 d6 10.Bd3 Bxc3+ 11.bxc3 f5 12.d5 Na6 13.h4
Qf6 14.Bxe4 fxe4 15.Qxe4 Qxc3+ 16.Ke2 Nc5 17.Qg6+ Ke7 18.Rac1
Qf6 19.Qxf6+ Kxf6 20.Rhd1 exd5 21.cxd5 Ba6+ 22.Ke1 Rae8 23.Rc3
Re4 24.Rd4 Rhe8 25.Ra3 Bc8 26.hxg5+ hxg5 27.Rxa7 R8e7 28.Kf1
Bg4 29.Nd2 Rxd4 30.exd4 Nd3 31.f3 Bf5 32.a3 Nf4 33.Bxf4 gxf4
34.Ne4+ Bxe4 35.fxe4 Rxe4 36.Rxc7 Rxd4 37.Rc6 Ke5 38.Rxb6 Rd1+
39.Ke2 Ra1 40.Rb3 Kxd5 41.g3 Ke5 1/2-1/2

[Event "20th Amber Tournament (Blindfold)"]
[Site "Monaco MNC"]
[Date "2011.03.19"]
[EventDate "2011.03.12"]
[Round "7"]
[Result "1/2-1/2"]
[White "Hikaru Nakamura"]
[Black "Viswanathan Anand"]
[WhiteElo "2774"]
[BlackElo "2817"]
[PlyCount "104"]

1. d4 Nf6 2. Bg5 e6 3. e4 h6 4. Bxf6 Qxf6 5. c3 d6 6. Bd3 e5
7. Ne2 g6 8. O-O Bg7 9. f4 Qe7 10. Nd2 O-O 11. Nf3 Bg4 12. Qd2
Nd7 13. h3 Bxf3 14. Rxf3 c5 15. dxe5 dxe5 16. f5 c4 17. Bxc4
Qc5+ 18. Rf2 Nf6 19. Bd5 Rad8 20. Ng3 gxf5 21. Qe2 fxe4
22. Bxe4 Nxe4 23. Qxe4 Rd2 24. Raf1 Rxb2 25. Nf5 Kh8 26. Qh4
Rxf2 27. Rxf2 Qxc3 28. Nxg7 Kxg7 29. Qf6+ Kh7 30. Qe7 Qc8
31. Rf6 b6 32. Qxe5 Qc5+ 33. Qxc5 bxc5 34. Rc6 Re8 35. Rxc5
Re7 36. Kf2 Kg7 37. a4 Kg6 38. Ra5 h5 39. Kg3 f6 40. Kf3 Rc7
41. Ke4 h4 42. Kf3 Rc3+ 43. Kf2 Rc2+ 44. Kg1 Rc1+ 45. Kh2 Rc7
46. g4 Rc2+ 47. Kg1 Rc3 48. Kg2 Rc2+ 49. Kh1 Rc1+ 50. Kg2 Rc2+
51. Kg1 Rc1+ 52. Kg2 Rc2+ 1/2-1/2

[Event "London Chess Classic"]
[Site "London ENG"]
[Date "2011.12.03"]
[EventDate "2011.12.03"]
[Round "1"]
[Result "1/2-1/2"]
[White "Vladimir Kramnik"]
[Black "Hikaru Nakamura"]
[WhiteElo "2800"]
[BlackElo "2758"]
[PlyCount "90"]

1. Nf3 Nf6 2. c4 e6 3. g3 d5 4. d4 dxc4 5. Bg2 Nc6 6. Qa4 Bb4+
7. Bd2 Nd5 8. Bxb4 Ndxb4 9. O-O Rb8 10. Na3 O-O 11. Qb5 b6
12. Qxc4 Ba6 13. Nb5 Qd5 14. Qxd5 Nxd5 15. a4 Na5 16. Ne5 Rbd8
17. Nxa7 Nb4 18. Rac1 Rxd4 19. Nb5 Bxb5 20. axb5 f6 21. e3
Rdd8 22. Nf3 Rf7 23. Bh3 Re7 24. Rc3 Kf7 25. Ra1 Rd3 26. Bf1
Rxc3 27. bxc3 Nd5 28. c4 Nc3 29. c5 Rd7 30. Nd4 Ne4 31. cxb6
cxb6 32. Rc1 Nc5 33. f4 Ke7 34. Nc6+ Nxc6 35. bxc6 Ra7 36. Rd1
Rc7 37. Bg2 e5 38. fxe5 fxe5 39. Rb1 e4 40. Rxb6 Kd6 41. Rb4
Kd5 42. Rd4+ Ke5 43. Rc4 Kd5 44. Rd4+ Ke5 45. Rc4 Kd5 1/2-1/2

[Event "Tal Memorial (Blitz)"]
[Site "Moscow RUS"]
[Date "2012.06.07"]
[EventDate "2012.06.07"]
[Round "3"]
[Result "0-1"]
[White "Hikaru Nakamura"]
[Black "Alexander Grischuk"]
[WhiteElo "2775"]
[BlackElo "2761"]
[PlyCount "110"]

1. b3 c5 2. Bb2 Nc6 3. e4 Nf6 4. e5 Nd5 5. Nf3 g6 6. Bc4 Nb6
7. Bb5 Bg7 8. Bxc6 bxc6 9. O-O O-O 10. Re1 d6 11. h3 a5 12. c4
Re8 13. a4 Bf5 14. d4 dxe5 15. Nxe5 cxd4 16. Qxd4 Nd7 17. Qe3
Nxe5 18. Bxe5 Bxe5 19. Qxe5 Rb8 20. Ra3 Qd6 21. Qb2 Qb4
22. Nd2 Red8 23. Nf3 Rd3 24. Qa1 Rbd8 25. Ne5 R3d6 26. Kh2 Re6
27. Re3 Rd2 28. Ra2 Rxa2 29. Qxa2 Qd6 30. f4 f6 31. g4 Bb1
32. Qb2 fxe5 33. fxe5 Qd1 34. Qf2 Qd4 35. Qe1 Bc2 36. Kg3 g5
37. Kg2 Bg6 38. Re2 c5 39. Re3 Rb6 40. Kg3 Rb8 41. Kg2 Rf8
42. Re2 Rf4 43. Rd2 Qe4+ 44. Qxe4 Bxe4+ 45. Kg1 Rf3 46. e6 Kg7
47. Rd7 Kf6 48. Ra7 Rxh3 49. Rxa5 Rxb3 50. Rxc5 Rg3+ 51. Kf2
Rxg4 52. a5 h5 53. a6 h4 54. Rc8 h3 55. Rh8 Rh4 0-1

[Event "Tal Memorial (Blitz)"]
[Site "Moscow RUS"]
[Date "2012.06.07"]
[EventDate "2012.06.07"]
[Round "5"]
[Result "1/2-1/2"]
[White "Hikaru Nakamura"]
[Black "Magnus Carlsen"]
[WhiteElo "2775"]
[BlackElo "2835"]
[PlyCount "93"]

1. c4 c5 2. Nf3 Nc6 3. g3 g6 4. Bg2 Bg7 5. O-O d6 6. Nc3 Qd7
7. e3 Bxc3 8. bxc3 f5 9. d3 Nf6 10. Nd2 b6 11. f4 Bb7 12. e4
O-O-O 13. Re1 fxe4 14. Nxe4 Nxe4 15. Bxe4 Rhe8 16. Qf3 e6
17. Qf2 d5 18. cxd5 exd5 19. Bg2 Rxe1+ 20. Qxe1 d4 21. Qf1 Ne7
22. c4 Nf5 23. Bd2 Re8 24. Re1 Rxe1 25. Qxe1 Bxg2 26. Kxg2 Kb7
27. Kf2 h5 28. Qd1 Ka6 29. a4 Qe8 30. Qb3 Qe6 31. a5 Ne3
32. Bxe3 Qxe3+ 33. Kf1 Qf3+ 34. Kg1 Qe3+ 35. Kf1 Kb7 36. axb6
axb6 37. Qd1 Kc6 38. Kg2 b5 39. cxb5+ Kxb5 40. Qb3+ Kc6
41. Qa4+ Kb6 42. Qb3 Kc6 43. Qc2 Kd6 44. Kh3 Qe6+ 45. Kg2 Qe3
46. Kh3 Qe6+ 47. Kg2 1/2-1/2

[Event "FIDE Grand Prix Zug"]
[Site "Zug SUI"]
[Date "2013.04.30"]
[EventDate "2013.04.18"]
[Round "11.1"]
[Result "1/2-1/2"]
[White "Hikaru Nakamura"]
[Black "Fabiano Caruana"]
[WhiteElo "2767"]
[BlackElo "2772"]
[PlyCount "115"]

1. d4 d5 2. c4 c6 3. cxd5 cxd5 4. Bf4 Nc6 5. Nc3 Nf6 6. e3 a6
7. Bd3 Bg4 8. Nge2 e6 9. O-O Be7 10. Rc1 O-O 11. a3 Bh5
12. Na4 Nd7 13. Qb3 Ra7 14. Bg3 Bg6 15. Nf4 Na5 16. Qa2 Bxd3
17. Nxd3 Nc4 18. Nac5 b6 19. Nxd7 Qxd7 20. a4 Rc8 21. b3 Nd6
22. a5 Rxc1 23. Rxc1 Rc7 24. Rxc7 Qxc7 25. axb6 Qxb6 26. Qc2
h6 27. h3 Bf8 28. Bf4 Qb5 29. g4 Ne4 30. f3 Nf6 31. h4 h5
32. g5 Nd7 33. Bc7 g6 34. Kf2 Be7 35. Qc3 Nb8 36. Bxb8 Qxb8
37. Ne5 Qb7 38. Qc6 Qxc6 39. Nxc6 Bd6 40. e4 Kf8 41. Ne5 Ke8
42. Nd3 a5 43. exd5 exd5 44. f4 f6 45. gxf6 Kf7 46. f5 Kxf6
47. fxg6 Kxg6 48. Ke3 Kf5 49. Kf3 Bc7 50. Nc1 Bd8 51. Ne2 Bxh4
52. Nf4 Bf6 53. Nxd5 Bxd4 54. Ne7+ Kg5 55. Nc6 Bc3 56. Nxa5
Bxa5 57. b4 Bxb4 58. Ke4 1/2-1/2

[Event "Tata Steel Masters"]
[Site "Wijk aan Zee NED"]
[Date "2014.01.17"]
[EventDate "2014.01.11"]
[Round "5"]
[Result "1/2-1/2"]
[White "Hikaru Nakamura"]
[Black "Sergey Karjakin"]
[WhiteElo "2789"]
[BlackElo "2759"]
[PlyCount "47"]

1. d4 Nf6 2. c4 e6 3. Nc3 Bb4 4. Qc2 d5 5. a3 Bxc3+ 6. Qxc3
Ne4 7. Qc2 c5 8. dxc5 Nc6 9. cxd5 exd5 10. e3 O-O 11. Nf3 Bf5
12. Bd3 Qa5+ 13. Ke2 Rfe8 14. Rd1 Bg4 15. b4 Qc7 16. h3 Bxf3+
17. gxf3 Ng5 18. Bb2 d4 19. h4 Rxe3+ 20. fxe3 Qh2+ 21. Kf1
Qh1+ 22. Kf2 Qh2+ 23. Kf1 Qh1+ 24. Kf2 1/2-1/2

[Event "London Chess Classic (Blitz)"]
[Site "London ENG"]
[Date "2014.12.08"]
[EventDate "2014.12.08"]
[Round "5"]
[Result "1/2-1/2"]
[White "Hikaru Nakamura"]
[Black "Michael Adams"]
[WhiteElo "2775"]
[BlackElo "2745"]
[PlyCount "167"]

1. Nf3 d5 2. g3 Bg4 3. Bg2 Nd7 4. O-O e5 5. c4 dxc4 6. Qa4 Bd6
7. Na3 Ngf6 8. Nxc4 O-O 9. h3 Be6 10. d3 Nb6 11. Qc2 Nxc4
12. dxc4 Qe7 13. Ng5 Bc8 14. Be3 Bc5 15. Qc3 a5 16. a3 a4
17. Rfd1 c6 18. Bxc5 Qxc5 19. Qb4 Qxb4 20. axb4 h6 21. Nf3 Re8
22. b3 Be6 23. bxa4 Bxc4 24. Re1 Rad8 25. Rac1 Bb3 26. a5 e4
27. Nh2 Nd5 28. Rb1 Bc4 29. Rb2 e3 30. Rc1 Bb5 31. Ng4 exf2+
32. Kxf2 h5 33. Bxd5 Rxd5 34. Ne3 Rd4 35. Nd1 Ree4 36. Rcb1
Rc4 37. Ne3 Rc3 38. Nd1 Ra3 39. Rd2 g6 40. h4 Kg7 41. Rc2 Ba4
42. Rc3 Ra2 43. Rb2 Rxb2 44. Nxb2 Rxb4 45. a6 bxa6 46. Nxa4
Rxa4 47. Rxc6 a5 48. Ra6 Ra3 49. e4 a4 50. e5 Kf8 51. Ra7 Ra1
52. Kg2 a3 53. Kh2 Ke8 54. Kg2 a2 55. Kh2 Kd8 56. Kg2 Kc8
57. Kh2 Kb8 58. Ra3 Kc7 59. Kg2 Kd7 60. Ra6 Kc7 61. Kh2 Kb7
62. Ra3 Kc6 63. Kg2 Kd5 64. Ra5+ Ke4 65. Kh2 Kf3 66. Ra3+ Kf2
67. Ra7 Ke3 68. Kg2 Kd4 69. Ra5 Kc3 70. Ra7 Kb3 71. Rb7+ Kc4
72. Ra7 Kd3 73. Ra3+ Kd4 74. Ra5 Ke4 75. Kh2 Kf3 76. Ra3+ Kf2
77. Ra7 Ke2 78. Kg2 Kd3 79. Kh2 Kc3 80. Kg2 Kb3 81. Rb7+ Kc4
82. Ra7 Kd5 83. Ra5+ Ke4 84. Kh2 1/2-1/2

[Event "London Chess Classic"]
[Site "London ENG"]
[Date "2015.12.05"]
[EventDate "2015.12.03"]
[Round "2"]
[Result "1/2-1/2"]
[White "Hikaru Nakamura"]
[Black "Maxime Vachier-Lagrave"]
[WhiteElo "2793"]
[BlackElo "2765"]
[PlyCount "112"]

1. d4 Nf6 2. Nf3 g6 3. e3 Bg7 4. c4 O-O 5. Be2 c5 6. d5 d6
7. Nc3 e6 8. O-O exd5 9. cxd5 Na6 10. Nd2 Rb8 11. e4 Re8
12. f3 Nh5 13. f4 Nf6 14. Kh1 Nc7 15. a4 a6 16. a5 Bd7 17. Bf3
Nb5 18. e5 dxe5 19. fxe5 Rxe5 20. Nc4 Rf5 21. Ne2 Rxf3
22. gxf3 Bh3 23. Re1 Qxd5 24. Nf4 Qxd1 25. Rxd1 Bd7 26. Be3
Bc6 27. Kg2 Re8 28. Kf2 g5 29. Nd3 g4 30. Nde5 Bd5 31. Rg1 h5
32. h3 Bxc4 33. Nxc4 Nd5 34. fxg4 Nxe3 35. Nxe3 Bxb2 36. Rae1
Bc3 37. Re2 Bd4 38. Kf3 Nc3 39. Ree1 Ne4 40. gxh5+ Kh7 41. Rg2
Nd6 42. Ree2 Re5 43. Nc2 Rxh5 44. Nxd4 cxd4 45. Rg4 Rxa5
46. Rxd4 Nf5 47. Rb4 b5 48. Kf4 Nh6 49. Ke5 Ra3 50. h4 Rg3
51. Ra2 Rg6 52. Rb1 Re6+ 53. Kf4 Rf6+ 54. Ke4 Re6+ 55. Kf4
Rf6+ 56. Ke4 Re6+ 1/2-1/2

[Event "London Chess Classic"]
[Site "London ENG"]
[Date "2015.12.08"]
[EventDate "2015.12.03"]
[Round "5"]
[Result "1/2-1/2"]
[White "Michael Adams"]
[Black "Hikaru Nakamura"]
[WhiteElo "2744"]
[BlackElo "2793"]
[PlyCount "111"]

1. e4 e5 2. Nf3 Nc6 3. Bb5 Nf6 4. d3 Bc5 5. Bxc6 dxc6 6. Nbd2
Nd7 7. Nc4 O-O 8. Bd2 Re8 9. Qe2 f6 10. h4 Nf8 11. h5 Be6
12. Ne3 Qd7 13. h6 g6 14. O-O Bg4 15. Nxg4 Qxg4 16. Nd4 Qxe2
17. Nxe2 Ne6 18. g3 g5 19. Be3 Bf8 20. Kg2 Bxh6 21. Rh1 Bg7
22. Kf3 h6 23. Kg4 Re7 24. Raf1 Rf8 25. Rh3 Nd4 26. Nxd4 exd4
27. Bc1 Re5 28. f4 Rc5 29. Rh2 f5+ 30. exf5 Rfxf5 31. Rhf2
gxf4 32. Bxf4 h5+ 33. Kh3 Be5 34. Re1 Ra5 35. a3 Rd5 36. Re4
a5 37. a4 Rf7 38. b3 Bd6 39. Rfe2 Rg7 40. Bxd6 cxd6 41. Re8+
Kh7 42. Rf2 Rdg5 43. Rf3 R5g6 44. Re4 Rg4 45. Re6 h4 46. Rxd6
c5 47. Rd5 Rxg3+ 48. Rxg3 hxg3 49. Kg2 b6 50. Rd6 Rg6 51. Rxg6
Kxg6 52. Kxg3 Kg5 53. Kf3 Kf5 54. Kg3 Kg5 55. Kf3 Kf5 56. Kg3
1/2-1/2

[Event "Bilbao Masters"]
[Site "Bilbao ESP"]
[Date "2016.07.22"]
[EventDate "2016.07.13"]
[Round "9"]
[Result "1/2-1/2"]
[White "Hikaru Nakamura"]
[Black "Sergey Karjakin"]
[WhiteElo "2787"]
[BlackElo "2773"]
[PlyCount "68"]

1. d4 Nf6 2. c4 e6 3. Nf3 d5 4. Nc3 Nbd7 5. Bf4 dxc4 6. e3 b5
7. Nxb5 Bb4+ 8. Nc3 Ne4 9. a3 Nxc3 10. Qd2 Nd5 11. axb4 Nxf4
12. exf4 Bb7 13. Be2 O-O 14. O-O Nb6 15. Ne5 Qd6 16. Rfd1 Rfb8
17. Rac1 a6 18. h4 Bd5 19. h5 h6 20. Re1 Rb7 21. Nxc4 Nxc4
22. Bxc4 Bxc4 23. Rxc4 Rab8 24. Ra1 Rxb4 25. Rxb4 Qxb4
26. Qxb4 Rxb4 27. Rxa6 Rxd4 28. Ra8+ Kh7 29. g3 Rb4 30. Ra7
Rxb2 31. Rxc7 Kg8 32. Rc8+ Kh7 33. Rc7 Kg8 34. Rc8+ Kh7
1/2-1/2

[Event "London Chess Classic"]
[Site "London ENG"]
[Date "2016.12.12"]
[EventDate "2016.12.07"]
[Round "4"]
[Result "0-1"]
[White "Veselin Topalov"]
[Black "Hikaru Nakamura"]
[WhiteElo "2760"]
[BlackElo "2779"]
[PlyCount "106"]

1. e4 c6 2. d4 d5 3. e5 c5 4. dxc5 Nc6 5. Nf3 Bg4 6. c3 e6
7. b4 a6 8. Nbd2 Nxe5 9. Qa4+ Nd7 10. Ne5 Ngf6 11. c4 a5
12. Nb3 axb4 13. Qb5 Be7 14. c6 bxc6 15. Nxc6 Qc7 16. f3 Bf5
17. Nxe7 Rb8 18. Nxf5 Rxb5 19. Nxg7+ Ke7 20. cxb5 Nc5 21. Bb2
Nxb3 22. axb3 Qf4 23. Be2 Rc8 24. Rd1 Qg5 25. b6 Rc2 26. Bxf6+
Qxf6 27. Nh5 Qc3+ 28. Kf1 Qe3 29. Re1 Qxb6 30. Nf4 Qe3 31. g3
Qxb3 32. Kg2 Kf8 33. Kh3 Qb2 34. Rb1 Qf6 35. Rhe1 e5 36. Nxd5
Qe6+ 37. Kg2 Qxd5 38. Rxb4 Qd2 39. Rb8+ Kg7 40. Kf1 Qh6
41. Kg2 e4 42. Rb3 Qe6 43. Re3 exf3+ 44. Kxf3 Qh3 45. Rd1 Qh5+
46. Kf2 Qxh2+ 47. Kf3 Rc6 48. Rd4 Rg6 49. g4 Rf6+ 50. Ke4 Qh1+
51. Kd3 Qb1+ 52. Kd2 Qb2+ 53. Kd3 Rc6 0-1

[Event "Korchnoi Zurich Chess Challenge"]
[Site "Zurich SUI"]
[Date "2017.04.15"]
[EventDate "2017.04.13"]
[Round "4"]
[Result "1/2-1/2"]
[White "Vladimir Kramnik"]
[Black "Hikaru Nakamura"]
[WhiteElo "2811"]
[BlackElo "2793"]
[PlyCount "127"]

1. d4 Nf6 2. Nf3 d5 3. e3 e6 4. Nbd2 c5 5. b3 cxd4 6. exd4 Nc6
7. Bb2 g6 8. Bb5 Bg7 9. O-O O-O 10. Re1 Qb6 11. a4 Bd7 12. c4
a6 13. Bxc6 Bxc6 14. c5 Qc7 15. b4 Ne4 16. Ne5 Nxd2 17. Qxd2
b5 18. cxb6 Qxb6 19. Rec1 Rfc8 20. Rc5 Be8 21. Nd3 Rcb8
22. Bc3 Qd8 23. Ra5 Bf8 24. Nc5 Rb6 25. g3 Bd6 26. h4 Bc7
27. b5 axb5 28. Rxa8 Qxa8 29. axb5 Qc8 30. Ba5 Rxb5 31. Bxc7
Qxc7 32. Qg5 Rb8 33. h5 Qd8 34. Qe5 gxh5 35. Ra7 Rb6 36. Qxh5
Kg7 37. Qg4+ Kf8 38. Qf4 Kg7 39. Qg4+ Kf8 40. Kg2 h6 41. Qf3
Kg7 42. Qa3 Qf6 43. Ra8 Bb5 44. Qa5 Bc6 45. Qxb6 Bxa8 46. Qc7
h5 47. f3 Qf5 48. Nd7 Bb7 49. Qc5 Ba6 50. Kf2 Kh7 51. Ne5 Kg7
52. Nd7 Bc4 53. Qf8+ Kh7 54. Ne5 Qc2+ 55. Kg1 Qd1+ 56. Kh2
Qd2+ 57. Kh3 Bf1+ 58. Kh4 Qh2+ 59. Kg5 Qxg3+ 60. Ng4 hxg4
61. Qxf7+ Kh8 62. Qf8+ Kh7 63. Qf7+ Kh8 64. Qf8+ 1/2-1/2

[Event "Simul vs Nakamura"]
[Site "South Africa, Birchwood Hotel"]
[Date "2018.01.07"]
[EventDate "?"]
[Round "?"]
[Result "0-1"]
[White "Hikaru Nakamura"]
[Black "Alexander van der Merwe"]
[WhiteElo "2781"]
[BlackElo "1460"]
[PlyCount "62"]

1.Nf3 Nf6 2.b3 g6 3.Bb2 Bg7 4.e4 d6 5.d3 c5 6.g3 Nc6 7.Bg2 a6
8.O-O O-O 9.Nbd2 Qc7 10.Re1 e5 11.Nc4 b5 12.Ne3 Rb8 13.Nd2 Na5
14.h3 Bd7 15.c4 Nc6 16.Nd5 Nxd5 17.cxd5 Nd4 18.Rc1 Qb6 19.Bxd4
cxd4 20.b4 Rfc8 21.Nb3 Rxc1 22.Nxc1 Bh6 23.Nb3 Rc8 24.Qf3 Rc2
25.Qf6 Qc7 26.f4 Qc3 27.Rf1 Qb2 28.Bf3 Bxh3 29.fxe5 Rg2+
30.Kh1 Rh2+ 31.Kg1 Be3+ 0-1